000 00898nam a22002417a 4500
003 OSt
005 20241129163729.0
008 241121b |||||||| |||| 00| 0 spa d
020 _a9789587497861
_cObra completa
020 _a9789587497885
_cVolúmen II
037 _bDonación
040 _aCO-JMCR
_bspa
_cCO-JMCR
_dCO-JMCR
_erda
041 0 _aspa
082 0 4 _a341.522
_bA74a1
_223
245 0 0 _aEl árbitro y la función arbitral /
_cDirectores académicos Hernando Herrera Mercado, Fabricio Mantilla Espinosa.
260 _aBogotá :
_bGrupo Editorial Ibáñez :
_bCámara de Comercio de Bogotá, Centro de Arbitraje y Conciliación,
_c2017.
300 _a564 páginas,
_c24 cm.
500 _aTomo I Vol. I
504 _aIncluye bibliografía.
700 1 _aHerrera Mercado, Hernando,
_edirector.
_943858
700 1 _aMantilla Espinosa, Fabricio,
_edirector.
_943859
942 _2ddc
_cBK
999 _c30874
_d17258